V úžasu před Boží krásou : vztah Božího zjevení a lidské zkušenosti krásy jako výzva pro náboženskou edukaci /

Hlavní autor: Blažek Iňová, Veronika, 1984-
Jazyk: Čeština
Vydáno: Brno : Centrum pro studium demokracie a kultury, 2021
Vydání: 1. vydání
Edice: Moderní česká teologie
Témata:
Fyzický popis: 327 stran, xvi stran obrazových příloh : ilustrace (převážně barevné) ; 21 cm
Language note: Anglické resumé
Knihy
Uloženo v:
LEADER 03107nam a2200829 i 4500
001 nkc20223403009
003 CZ PrNK
005 20220527171637.0
007 ta
008 220321s2021 xr af f 000 0 cze
015 |a cnb003403009 
020 |a 978-80-7325-538-1  |q (brožováno) :  |c Kč 369,00 
035 |a (OCoLC)1329409025 
040 |a ABA001  |b cze  |d OLA001  |e rda 
041 0 |a cze  |b eng 
043 |a e-xr--- 
045 |a y1y2 
072 7 |a 11  |x Metafyzika  |2 Konspekt  |9 5 
080 |a 111.85  |2 MRF 
080 |a 27-13  |2 MRF 
080 |a 2-184.2-22  |2 MRF 
080 |a 2-587.7  |2 MRF 
080 |a 111.8  |2 MRF 
080 |a 111.852:27-184.2-22  |2 MRF 
080 |a 72/76:2  |2 MRF 
080 |a 27-47  |2 MRF 
080 |a 37.091.3  |2 MRF 
080 |a 303.022  |2 MRF 
080 |a 27  |2 MRF 
080 |a (437.3)  |2 MRF 
080 |a (048.8)  |2 MRF 
100 1 |a Blažek Iňová, Veronika,  |d 1984-  |7 jcu20221148366  |4 aut 
245 1 0 |a V úžasu před Boží krásou :  |b vztah Božího zjevení a lidské zkušenosti krásy jako výzva pro náboženskou edukaci /  |c Veronika Blažek Iňová 
250 |a 1. vydání 
264 1 |a Brno :  |b Centrum pro studium demokracie a kultury,  |c 2021 
300 |a 327 stran, xvi stran obrazových příloh :  |b ilustrace (převážně barevné) ;  |c 21 cm 
336 |a text  |b txt  |2 rdacontent 
337 |a bez média  |b n  |2 rdamedia 
338 |a svazek  |b nc  |2 rdacarrier 
490 1 |a Moderní česká teologie 
504 |a Obsahuje bibliografii a bibliografické odkazy 
546 |a Anglické resumé 
648 7 |a 2011-2020  |7 ch460589  |2 czenas 
650 0 7 |a krása  |7 ph121992  |x křesťanské pojetí  |2 czenas 
650 0 7 |a posvátno  |7 ph124416  |x křesťanské pojetí  |2 czenas 
650 0 7 |a epifanie  |7 ph119974  |2 czenas 
650 0 7 |a duchovní zkušenosti  |7 ph547723  |2 czenas 
650 0 7 |a transcendence  |7 ph136913  |2 czenas 
650 0 7 |a teologická estetika  |7 ph997301  |2 czenas 
650 0 7 |a umění a náboženství  |7 ph158326  |2 czenas 
650 0 7 |a náboženské vzdělávání  |7 ph201898  |2 czenas 
650 0 7 |a vyučovací metody  |7 ph127294  |2 czenas 
650 0 7 |a kvalitativní výzkum  |7 ph115045  |z Česko  |y 2011-2020  |2 czenas 
650 0 9 |a beauty  |x Christian approach  |2 eczenas 
650 0 9 |a sacredness  |x Christian approach  |2 eczenas 
650 0 9 |a revelation of God  |2 eczenas 
650 0 9 |a spiritual experiences  |2 eczenas 
650 0 9 |a transcendence (philosophy)  |2 eczenas 
650 0 9 |a theological aesthetics  |2 eczenas 
650 0 9 |a art and religion  |2 eczenas 
650 0 9 |a religious education  |2 eczenas 
650 0 9 |a teaching methods  |2 eczenas 
650 0 9 |a qualitative research  |z Czechia  |y 2011-2020  |2 eczenas 
655 7 |a monografie  |7 fd132842  |2 czenas 
655 9 |a monographs  |2 eczenas 
830 0 |a Moderní česká teologie  |0 s 
910 2 |a BOA001  |b 2-1484.842 
990 |a BK 
995 |a 01 
991 |b 202205  |c NOV 
996 6 |b 2610901727  |c 2-1484.842  |l MZK  |r Sklad / do 1 hodiny  |n 0  |p p.v.  |w 001885933  |u 000010  |a 1  |e BOA001  |j MZK50  |s P 
996 7 |b 2610901728  |c 2-1484.842  |l MZK  |r Sklad / do 1 hodiny  |n 3  |p p.v.  |w 001885933  |u 000020  |a 1  |e BOA001  |j MZK50  |s A